000 00465nam a2200169Ia 4500
003 LDD
008 190117s9999 xx 000 0 und d
020 _c₹30
040 _cLDD
041 _ahi
082 _a8H1.7 ल7759व
100 _aलक्ष्मीनारायण
245 0 _aवत्सला
_cलक्ष्मीनारायण
260 _aपिलानी
_bपिलानी
_c1998
300 _a56प्र.
942 _2ddc
_cH
999 _c168957
_d168957